Statistics for Countries With Highest Imprisonment Rate

Click here to take the quiz!

General Stats

  • This quiz has been taken 382 times
  • The average score is 7 of 20

Answer Stats

Per 100,000Country% Correct
707United States
99%
470Russia
80%
700North Korea
58%
510Cuba
47%
369Dominica
34%
424El Salvador
34%
383Panama
32%
611St Kitts and Nevis
31%
435Thailand
31%
495Belize
30%
422St Vincent and the Grenadines
30%
529Barbados
29%
335Belarus
29%
362Trinidad and Tobago
28%
389Antigua and Barbuda
27%
379Bahamas
27%
430Grenada
27%
492Rwanda
10%
868Seychelles
9%
396Sint Maarten
5%

Score Distribution

Percentile by Number Answered

Percent of People with Each Score

Your Score History

You have not taken this quiz